|
|
|
|
| LEADER |
00877ncm a22002292a 4500 |
| 001 |
001250853 |
| 003 |
CZ BrMZK |
| 005 |
20120920124648.0 |
| 007 |
qu |
| 008 |
120920s1911 au |||||||||||||||||ger d |
| 040 |
|
|
|a BOA001
|b cze
|
| 072 |
|
7 |
|a 782
|x Divadelní hudba. Opera, opereta, muzikál
|2 Konspekt
|9 9
|
| 100 |
1 |
|
|a Kálmán, Emmerich,
|d 1882-1953
|7 jn19990210326
|4 cmp
|
| 245 |
1 |
4 |
|a Der gute Kamerad
|h [hudebnina] :
|b Theaterstück für Musik in zwei Akten von Victor Léon und K.v. Bakonyi : Klavierauszug mit Text /
|c Emmerich Kálmán
|
| 260 |
|
|
|a Wien :
|b Karczag,
|c 1911
|
| 300 |
|
|
|a 89 s.
|
| 700 |
1 |
|
|a Léon, Victor,
|d 1858-1940
|7 xx0018258
|4 lbt
|
| 700 |
1 |
|
|a Bakonyi, Károly,
|d 1873-1926
|7 xx0154886
|4 lbt
|
| 910 |
|
|
|a BOA001
|b Mus4-0505.551
|
| 990 |
|
|
|a MU
|
| 991 |
|
|
|b 201209
|
| 996 |
6 |
|
|b 2619079644
|c Mus4-0505.551
|l MZK
|r Sklad / do 1 hodiny
|n 0
|w 001284899
|u 000010
|a 1
|e BOA001
|j MZK50
|s P
|